000 00598nam a2200181Ia 4500
008 090123s9999 xx 000 0 und d
082 _b36819
_a891.463/मिसळे
100 _aमिसळे मारुती लिंबाजी
245 _aदौल्या
250 _a1
260 _bशारदा प्रकाशन
_c2004
300 _a324
600 _aमिसळे मारुती लिंबाजी
630 _aदौल्या
700 _aमिसळे मारुती लिंबाजी
730 _aदौल्या
942 _cBOOK
999 _c74886
_d74886